Volatilita výnosových kriviek

Salvato in:
Dettagli Bibliografici
Autore principale: Faybíková, Ivana, 1995-
Natura: Capitolo di libro
Lingua:inglese
Soggetti:
Tags: Aggiungi Tag
Nessun Tag, puoi essere il primo ad aggiungerne!!

MARC

LEADER 00000naa$a2200000$$$4500
001 0270854
005 20240502074241.7
041 0 |a eng 
044 |a SK 
245 1 0 |a Volatilita výnosových kriviek  |c Ivana Faybíková 
500 |a abstrakt 
610 2 0 |a volatilita 
610 2 0 |a výnosy 
610 2 0 |a poisťovne 
610 2 0 |a riziko finančné 
100 1 |a Faybíková, Ivana, 1995-